000 00585nam a22002177a 4500
003 OSt
005 20220107122756.0
008 150105b xxu||||| |||| 00| 0 eng d
020 _a9789332535930
040 _c
082 _a005.432A GRA/B
100 _aGrant, Kevin
_95891
245 _aBeginning android programming : Develop and design
260 _aNew Delhi,
_bDorling Kindersley,
_c2014
300 _axv, 256p.
650 _aCOMPUTER SCIENCE
_95892
650 _aPROGRAMMING LANGUAGE
_95976
650 _aANDROID
_95893
700 _aHaseman, Chris
_95895
942 _2ddc
_cBK
999 _c4488
_d4488